Senatorowie KO w XI kadencji Senatu - Statystyki

Ogólne statystyki
  • Ten quiz został rozwiązany 2 razy
  • Średni wynik to 8 z 43
Statystyki odpowiedzi
Senator % Poprawnych
Adam Bodnar
100%
Grzegorz Schetyna
100%
Krzysztof Kwiatkowski
100%
Małgorzata Kidawa-Błońska
100%
Barbara Zdrojewska
50%
Bogdan Borusewicz
50%
Henryk Siedlaczek
50%
Jerzy Wcisła
50%
Jolanta Piotrowska
50%
Magdalena Kochan
50%
Rafał Grupiński
50%
Adam Szejnfeld
0%
Agnieszka Gorgoń-Komor
0%
Agnieszka Kołacz-Leszczyńska
0%
Andrzej Kobiak
0%
Artur Dunin
0%
Beata Małecka-Libera
0%
Beniamin Godyla
0%
Ewa Kaliszuk
0%
Ewa Matecka
0%
Gabriela Morawska-Stanecka
0%
Halina Bieda
0%
Janusz Gromek
0%
Janusz Pęcherz
0%
Jerzy Fedorowicz
0%
Joanna Sekuła
0%
Jolanta Hibner
0%
Kazimierz Kleina
0%
Leszek Czarnobaj
0%
Marcin Zawiła
0%
Marek Borowski
0%
Monika Piątkowska
0%
Piotr Woźniak
0%
Ryszard Brejza
0%
Ryszard Świlski
0%
Sławomir Rybicki
0%
Stanisław Gawłowski
0%
Tadeusz Jarmuziewicz
0%
Tomasz Grodzki
0%
Tomasz Lenz
0%
Waldy Dzikowski
0%
Władysław Komarnicki
0%
Wojciech Ziemniak
0%
Nie znaleziono quizów pasujących do podanych kryteriów
Rozkład punktacji
Procent ludzi z każdym wynikiem
Percentyl według liczby udzielonych odpowiedzi
Twoja historia wyników
Nie rozwiązałeś tego quizu